Chemistry : An environmental perspective
Contents: What is chemistry; the origin of the earth and the earth's mineral resources; chemical reactions; reactions in solution; water resources and water pollution
שמור ב:
| מחבר ראשי: | |
|---|---|
| פורמט: | ספר |
| שפה: | Undetermined |
| יצא לאור: |
Englewood Cliffs
Prentice Hall
1994
|
| נושאים: | |
| תגים: |
הוספת תג
אין תגיות, היה/י הראשונ/ה לתייג את הרשומה!
|
| Thư viện lưu trữ: | Trung tâm Học liệu Trường Đại học Cần Thơ |
|---|
| LEADER | 00705nam a2200205Ia 4500 | ||
|---|---|---|---|
| 001 | CTU_148691 | ||
| 008 | 210402s9999 xx 000 0 und d | ||
| 082 | |a 540 | ||
| 082 | |b B928 | ||
| 100 | |a Buell, Phyllis | ||
| 245 | 0 | |a Chemistry : | |
| 245 | 3 | |b An environmental perspective | |
| 245 | 0 | |c Phyllis Buell, James Girard | |
| 260 | |a Englewood Cliffs | ||
| 260 | |b Prentice Hall | ||
| 260 | |c 1994 | ||
| 520 | |a Contents: What is chemistry; the origin of the earth and the earth's mineral resources; chemical reactions; reactions in solution; water resources and water pollution | ||
| 650 | |a Hóa học,Chemistry | ||
| 904 | |i Tuyến | ||
| 980 | |a Trung tâm Học liệu Trường Đại học Cần Thơ | ||